| 000 | 00335nam a2200121Ia 4500 | ||
|---|---|---|---|
| 005 | 20260326100031.0 | ||
| 008 | 260326s9999||||xx |||||||||||||| ||und|| | ||
| 100 | _aGonzález Rul, Manuel | ||
| 245 | 0 |
_aCinco Años de Arquitectura en México / _cManuel González Rul |
|
| 260 | _bLa prensa | ||
| 650 | _aARQUITECTURA REGIONAL | ||
| 942 | _cBK | ||
| 999 |
_c6587 _d6587 |
||